00442nam a2200157Ia 4500008004100000100001800041245005800059245001700117260002400134260000900158300002200167440003300189650001000222650002800232650002400260190912s9999 xx 000 0 und d aMateo, Janvic aChina could occupy more areas in WPS -- expert warns/ cJanvic Mateo bThe Philippine Star c2019 aJanuary 6, page 6 aThe Philippine Starv33: 163 aChina aPolitics -- Philippines aWest Philippine Sea